000
00315nam a22001457a 4500
008
230329b ||||| |||| 00| 0 eng d
020
_a
556158
041
_a
eng
080
_a
62
082
_a
62KIS
100
_a
19
101
_a
MEKATRO
245
_a
SURVEYING FOR CIVIL ENGINEERS
_c
KISSAM.P
942
_2
udc
_c
BK
999
_c
59470
_d
59470